All Countries in Order of Population - Statistics

General Stats
  • This quiz has been taken 55 times
  • The average score is 129 of 196
Answer Stats
Rank Population Continent/Region Letter Answer % Correct
1 1,439,323,776 Asia C China
100%
2 1,380,004,385 Asia I India
100%
3 331,002,651 Americas U United States
100%
4 273,523,615 Asia I Indonesia
97%
6 212,559,417 Americas B Brazil
94%
5 220,892,340 Asia P Pakistan
94%
8 164,689,383 Asia B Bangladesh
91%
14 102,334,404 Africa E Egypt
91%
12 114,963,588 Africa E Ethiopia
91%
19 83,783,942 Europe G Germany
91%
11 126,476,461 Asia J Japan
91%
10 128,932,753 Americas M Mexico
91%
7 206,139,589 Africa N Nigeria
91%
9 145,934,462 Europe R Russia
91%
17 84,339,067 Asia T Turkey
91%
15 97,338,579 Asia V Vietnam
91%
33 43,851,044 Africa A Algeria
88%
32 45,195,774 Americas A Argentina
88%
39 37,742,154 Americas C Canada
88%
29 50,882,891 Americas C Colombia
88%
16 89,561,403 Africa D D.R. Congo
88%
22 65,273,511 Europe F France
88%
18 83,992,949 Asia I Iran
88%
36 40,222,493 Asia I Iraq
88%
23 60,461,826 Europe I Italy
88%
43 32,971,854 Americas P Peru
88%
13 109,581,078 Asia P Philippines
88%
38 37,846,611 Europe P Poland
88%
25 59,308,690 Africa S South Africa
88%
28 51,269,185 Asia S South Korea
88%
30 46,754,778 Europe S Spain
88%
34 43,849,260 Africa S Sudan
88%
24 59,734,218 Africa T Tanzania
88%
20 69,799,978 Asia T Thailand
88%
35 43,733,762 Europe U Ukraine
88%
21 67,886,011 Europe U United Kingdom
88%
37 38,928,346 Asia A Afghanistan
84%
55 25,499,884 Oceania A Australia
84%
81 11,589,623 Europe B Belgium
84%
82 11,402,528 Americas H Haiti
84%
27 53,771,296 Africa K Kenya
84%
51 27,691,018 Africa M Madagascar
84%
26 54,409,800 Asia M (B) Myanmar
84%
49 29,136,808 Asia N Nepal
84%
56 24,206,644 Africa N Niger
84%
61 19,237,691 Europe R Romania
84%
76 12,952,218 Africa R Rwanda
84%
31 45,741,007 Africa U Uganda
84%
50 28,435,940 Americas V Venezuela
84%
48 29,825,964 Asia Y Yemen
84%
65 18,383,955 Africa Z Zambia
84%
74 14,862,924 Africa Z Zimbabwe
84%
78 11,890,784 Africa B Burundi
81%
63 19,116,201 Americas C Chile
81%
67 17,643,054 Americas E Ecuador
81%
47 31,072,940 Africa G Ghana
81%
87 10,423,054 Europe G Greece
81%
66 17,915,568 Americas G Guatemala
81%
64 18,776,707 Asia K Kazakhstan
81%
60 20,250,833 Africa M Mali
81%
69 17,134,872 Europe N Netherlands
81%
89 10,196,709 Europe P Portugal
81%
42 33,469,203 Asia U Uzbekistan
81%
44 32,866,272 Africa A Angola
78%
80 11,673,021 Americas B Bolivia
78%
86 10,708,981 Europe C Czechia
78%
85 10,847,910 Americas D Dominican Republic
78%
75 13,132,795 Africa G Guinea
78%
94 9,660,351 Europe H Hungary
78%
53 26,378,274 Africa I (C) Ivory Coast
78%
40 36,910,560 Africa M Morocco
78%
54 25,778,816 Asia N North Korea
78%
91 10,099,265 Europe S Sweden
78%
90 10,139,177 Asia A Azerbaijan
75%
59 20,903,273 Africa B Burkina Faso
75%
92 9,904,607 Americas H Honduras
75%
88 10,203,134 Asia J Jordan
75%
45 32,365,999 Asia M Malaysia
75%
46 31,255,435 Africa M Mozambique
75%
52 26,545,863 Africa C Cameroon
72%
98 8,947,024 Oceania P Papua New Guinea
72%
41 34,813,871 Asia S Saudi Arabia
72%
68 17,500,658 Asia S Syria
72%
79 11,818,619 Africa T Tunisia
72%
97 9,006,398 Europe A Austria
69%
96 9,449,323 Europe B Belarus
69%
77 12,123,200 Africa B Benin
69%
72 16,425,864 Africa C Chad
69%
83 11,326,616 Americas C Cuba
69%
70 16,743,927 Africa S Senegal
69%
58 21,413,249 Asia S Sri Lanka
69%
57 23,816,775 Asia T Taiwan
69%
95 9,537,645 Asia T Tajikistan
69%
93 9,890,402 Asia U United Arab Emirates
69%
71 16,718,965 Asia C Cambodia
66%
136 2,961,167 Americas J Jamaica
63%
137 2,881,053 Asia Q Qatar
63%
99 8,737,371 Europe S Serbia
63%
101 8,654,622 Europe S Switzerland
63%
114 5,792,202 Europe D Denmark
59%
115 5,540,720 Europe F Finland
59%
100 8,655,535 Asia I Israel
59%
139 2,722,289 Europe L Lithuania
59%
129 4,033,963 Europe M Moldova
59%
105 7,132,538 Americas P Paraguay
59%
84 11,193,725 Africa S South Sudan
59%
138 2,877,797 Europe A Albania
56%
135 2,963,243 Asia A Armenia
56%
128 4,105,267 Europe C Croatia
56%
143 1,318,445 Asia E (T) East Timor
56%
130 3,989,167 Asia G Georgia
56%
104 7,275,560 Asia L Laos
56%
62 19,129,952 Africa M Malawi
56%
124 4,822,233 Oceania N New Zealand
56%
126 4,314,767 Americas P Panama
56%
117 5,459,642 Europe S Slovakia
56%
73 15,893,222 Africa S Somalia
56%
132 3,473,730 Americas U Uruguay
56%
186 77,265 Europe A Andorra
53%
185 97,929 Americas A Antigua and Barbuda
53%
106 6,948,445 Europe B Bulgaria
53%
120 5,094,118 Americas C Costa Rica
53%
187 71,986 Americas D Dominica
53%
111 6,486,205 Americas E El Salvador
53%
180 115,023 Oceania F (M) F.S. Micronesia
53%
122 4,937,786 Europe I Ireland
53%
149 1,810,934 Europe K Kosovo
53%
110 6,524,195 Asia K Kyrgyzstan
53%
108 6,825,445 Asia L Lebanon
53%
191 38,128 Europe L Liechtenstein
53%
165 625,978 Europe L Luxembourg
53%
190 39,242 Europe M Monaco
53%
195 10,824 Oceania N Nauru
53%
118 5,421,241 Europe N Norway
53%
119 5,106,626 Asia O Oman
53%
193 18,094 Oceania P Palau
53%
116 5,518,087 Africa R (C) Rep. of the Congo
53%
189 53,199 Americas S Saint Kitts and Nevis
53%
192 33,931 Europe S San Marino
53%
163 686,884 Oceania S Solomon Islands
53%
102 8,278,724 Africa T Togo
53%
194 11,792 Oceania T Tuvalu
53%
196 801 Europe V Vatican City
53%
175 287,375 Americas B Barbados
50%
158 988,000 Africa D Djibouti
50%
131 3,546,421 Africa E Eritrea
50%
159 896,445 Oceania F Fiji
50%
181 112,523 Americas G Grenada
50%
179 119,449 Oceania K Kiribati
50%
127 4,270,571 Asia K Kuwait
50%
148 1,886,198 Europe L Latvia
50%
121 5,057,681 Africa L Liberia
50%
188 59,190 Oceania M Marshall Islands
50%
109 6,624,554 Americas N Nicaragua
50%
182 110,940 Americas S Saint Vincent and the Grenadines
50%
177 198,414 Oceania S Samoa
50%
113 5,850,342 Asia S Singapore
50%
146 2,078,938 Europe S Slovenia
50%
174 307,145 Oceania V Vanuatu
50%
150 1,701,575 Asia B Bahrain
47%
171 397,628 Americas B Belize
47%
133 3,280,819 Europe B Bosnia and Herzegovina
47%
151 1,402,985 Africa E Equatorial Guinea
47%
153 1,326,535 Europe E Estonia
47%
147 1,968,001 Africa G Guinea-Bissau
47%
161 786,552 Americas G Guyana
47%
173 341,243 Europe I Iceland
47%
168 540,544 Asia M Maldives
47%
169 441,543 Europe M Malta
47%
125 4,649,658 Africa M Mauritania
47%
140 2,540,905 Africa N Namibia
47%
178 183,627 Americas S Saint Lucia
47%
184 98,347 Africa S Seychelles
47%
183 105,695 Oceania T Tonga
47%
112 6,031,200 Asia T Turkmenistan
47%
172 393,244 Americas B Bahamas
44%
162 771,608 Asia B Bhutan
44%
170 437,479 Asia B Brunei
44%
167 555,987 Africa C Cape Verde
44%
123 4,829,767 Africa C Central African Republic
44%
160 869,601 Africa C Comoros
44%
107 6,871,292 Africa L Libya
44%
145 2,083,374 Europe N North Macedonia
44%
176 219,159 Africa S Sao Tome and Principe
44%
103 7,976,983 Africa S Sierra Leone
44%
166 586,632 Americas S Suriname
44%
152 1,399,488 Americas T Trinidad and Tobago
44%
142 2,351,627 Africa B Botswana
41%
157 1,160,164 Africa E Eswatini
41%
143 2,225,734 Africa G Gabon
41%
155 1,271,768 Africa M Mauritius
41%
164 628,066 Europe M Montenegro
41%
141 2,416,668 Africa G Gambia
38%
134 3,278,290 Asia M Mongolia
38%
156 1,207,359 Asia C Cyprus
34%
144 2,142,249 Africa L Lesotho
34%
No matching quizzes found
Score Distribution
Percent of People with Each Score
Percentile by Number Answered
Your Score History
You have not taken this quiz